Welcome to CU Library Online Public Access Catalogue (OPAC)

Principles of foundation engineering / (Record no. 8345)

MARC details
000 -LEADER
fixed length control field 00604cam a2200205 a 4500
001 - CONTROL NUMBER
control field 4034898
005 - DATE AND TIME OF LATEST TRANSACTION
control field 20251122155021.0
008 - FIXED-LENGTH DATA ELEMENTS--GENERAL INFORMATION
fixed length control field 980714s1999 caua b 001 0 eng
020 ## - INTERNATIONAL STANDARD BOOK NUMBER
International Standard Book Number 0534954030
Qualifying information alk. paper
020 ## - INTERNATIONAL STANDARD BOOK NUMBER
International Standard Book Number 9780534954031
Qualifying information (alk. paper)
050 00 - LIBRARY OF CONGRESS CALL NUMBER
Classification number TA775
Item number .D227 1999
082 00 - DEWEY DECIMAL CLASSIFICATION NUMBER
Classification number 624.1/5
Edition information 21
100 1# - MAIN ENTRY--PERSONAL NAME
Personal name Das, Braja M.,
Dates associated with a name 1941-
245 10 - TITLE STATEMENT
Title Principles of foundation engineering /
Statement of responsibility, etc. Braja M. Das.
250 ## - EDITION STATEMENT
Edition statement 4th ed.
260 ## - PUBLICATION, DISTRIBUTION, ETC.
Place of publication, distribution, etc. Pacific Grove, Calif. :
Name of publisher, distributor, etc. PWS Pub.,
Date of publication, distribution, etc. c1999.
300 ## - PHYSICAL DESCRIPTION
Extent xvii, 862 p. :
Other physical details ill. ;
Dimensions 24 cm.
650 #0 - SUBJECT ADDED ENTRY--TOPICAL TERM
Topical term or geographic name entry element Foundations.
942 ## - ADDED ENTRY ELEMENTS (KOHA)
Source of classification or shelving scheme Library of Congress Classification
Koha item type Books
Edition 4th ed.
Suppress in OPAC No
999 ## -
-- 8345
-- 8345
Holdings
Withdrawn status Lost status Source of classification or shelving scheme Damaged status Not for loan Collection Home library Current library Shelving location Date acquired Total checkouts Full call number Barcode Date last seen Copy number Price effective from Koha item type
    Library of Congress Classification     Non-fiction Science Library (Miotso) Science Library (Miotso) General stacks 11/22/2025   TA775 .D227 DAS SLM00006042 11/22/2025 1 11/22/2025 Books
© 2023-2024 Copyright: Central University Libraries. All Rights Reserved | Created by: Mahone Tech Office